000 00638nam a2200229Ia 4500
003 OSt
005 20220928120439.0
006 a|||||r|||| 00| 0
007 ta
008 220927b |||||||| |||| 00| 0 eng d
024 _a52448
037 _cTextual
040 _aSDCL
_cSDCL
_beng
041 _2eng
_aeng
082 _aV55'N7<-N4, L9
100 _aPrittie Terence
_9402318
245 0 _aVelvet chancellors
_b A history of post-war Germany.
260 _aLondon
_bFrederick Muller
_c1979
300 _axii,286p.
_ccm.
942 _hV55'N7<-N4, L9
_cTEXL
_2CC
999 _c763695
_d763695